000 00395 a2200121 4500
001 ART_41274
005 20260410161952.0
008 260409a
245 1 0 _aCuestiones sobre cierre de la cuenta corriente bancaria
100 1 _aBarreira Delfino, Eduardo A.
700 1 _aCamerini, Marcelo A.
773 0 _tTemas de derecho comercial
_g- Año 3, Nº 3 (mar. 2017)
_wREV28151
999 _c30511
_d30511